• 首页
  • 本馆介绍
  • 公告通知
  • 最新文献
  • 馆藏检索
  • 电子资源
  • 读者导购
  • 参考咨询
  • 我的图书馆
  • 登录
  • 详细信息显示
  • 放入我的书架
  • 预约/预借图书
  • 作者相关作品
  • 分类相关作品
  • 丛书相关作品
  • 出版社相关作品

书目信息

  • 表格格式
  • 工作单格式
  • 卡片格式
题名:
陆游选集
    
 
作者: 朱东润 选注
分册:  
出版信息: 上海   上海古籍出版社  2013.10
页数: 13,309页
开本: 22cm
丛书名: 中国古典文学名家选集
单 册:
中图分类: I222.744.2 , I264.42
科图分类:
主题词: 宋诗--诗集 , 古典散文--散文集--中国--宋代 , 宋诗 , 古典散文
电子资源:
ISBN: 978-7-5325-6900-7
000 00930oam2 2200313 450
001 0020131000132
005 20140612090311.45
010    @a978-7-5325-6900-7@b精装@dCNY35.00
100    @a20131120d2013 em y0chiy0110 ea
101 0  @achi
102    @aCN@b310000
105    @ay z 000zy
106    @ar
200 1  @a陆游选集@9lu you xuan ji@f朱东润选注
210    @a上海@c上海古籍出版社@d2013.10
215    @a13,309页@d22cm
225 2  @a中国古典文学名家选集
330    @a本书收录了《夜读兵书》、《游山西村》、《黄州》、《记梦》、《山南行》、《长歌行》等作品。
333    @a古典文学爱好者
461  0 @12001 @a中国古典文学名家选集
606 0  @a宋诗@x诗集
606 0  @a古典散文@x散文集@y中国@z宋代
606 0  @a宋诗
606 0  @a古典散文
690    @aI222.744.2@v5
690    @aI264.42@v5
701  0 @a朱东润@9zhu dong run@4选注
801  0 @aCN@b人天书店@c20131120
905    @b549135-38@dI222.744.2@e547@f4
    
    陆游选集/朱东润选注.-上海:上海古籍出版社,2013.10
    13,309页;22cm.-(中国古典文学名家选集)
    使用对象:古典文学爱好者
    
    ISBN 978-7-5325-6900-7(精装):CNY35.00
    本书收录了《夜读兵书》、《游山西村》、《黄州》、《记梦》、《山南行》、《长歌行》等作品。
●
相关链接 在E读中查询图书 在五车中查询图书 在当当中查询图书 在豆瓣中查询图书


正题名:陆游选集     索取号:I222.744.2/547         预约/预借

序号 登录号 条形码 馆藏地/架位号 状态 备注
1 549135   205491350   第一样本阅览室/ [索取号:I222.744.2/547] 在馆    
2 549136   205491369   第二借阅区/ [索取号:I222.744.2/547] 在馆    
3 549137   205491378   第二借阅区/ [索取号:I222.744.2/547] 在馆    
4 549138   205491387   密集书库-文学院/ [索取号:I222.744.2/547] 在馆    
唐山师范学院图书馆 欢迎您!
大连网信软件有限公司© 版权所有